| 000 | 00435cam a2200169ua 4500 | ||
|---|---|---|---|
| 020 | _c26.50 | ||
| 041 |
_aeng _h |
||
| 082 |
_a633.087 _bAGA/ID |
||
| 100 | _aAgarwal , R L . | ||
| 245 |
_aIdentificattion of crop varieties / _cR L Agarwal. _hTextual Documents |
||
| 260 |
_aNew Delhi : _bOxford & IBH Publishing company , _c1984. |
||
| 300 | _a439 ; . | ||
| 365 | _a26.50 | ||
| 504 | _a | ||
| 942 | _cBK | ||
| 999 |
_c2851 _d2851 |
||